Entry Personal Name
Number of records used in: 1
001 - CONTROL NUMBER
003 - CONTROL NUMBER IDENTIFIER
005 - DATE AND TIME OF LATEST TRANSACTION
- control field:
20231214144918.0
008 - FIXED-LENGTH DATA ELEMENTS
- fixed length control field:
850531n| azannaabn |a aaa
010 ## - LIBRARY OF CONGRESS CONTROL NUMBER
- LC control number:
n 85087745
035 ## - SYSTEM CONTROL NUMBER
- System control number:
(OCoLC)oca01340490
040 ## - CATALOGING SOURCE
- Original cataloging agency:
DGPO
- Language of cataloging:
eng
- Description conventions:
rda
- Transcribing agency:
DLC
- Modifying agency:
DLC
- Modifying agency:
ScU
- Modifying agency:
HU
046 ## - SPECIAL CODED DATES
- Birth date:
1940-04-11
- Source of date scheme:
edtf
100 1# - HEADING--PERSONAL NAME
- Personal name:
Gurnett, Donald A.
370 ## - ASSOCIATED PLACE
- Place of birth:
Cedar Rapids (Iowa)
- Source of term:
naf
370 ## - ASSOCIATED PLACE
- Associated country:
United States
- Source of term:
naf
371 ## - ADDRESS
- Electronic mail address:
donald-gurnett@uiowa.edu
372 ## - FIELD OF ACTIVITY
- Field of activity:
Physics
- Source of term:
lcsh
372 ## - FIELD OF ACTIVITY
- Field of activity:
Astronomy
- Source of term:
lcsh
372 ## - FIELD OF ACTIVITY
- Field of activity:
Space plasmas
- Source of term:
lcsh
372 ## - FIELD OF ACTIVITY
- Field of activity:
Plasma astrophysics
- Source of term:
lcsh
373 ## - ASSOCIATED GROUP
- Associated group:
University of Iowa
- Source of term:
naf
373 ## - ASSOCIATED GROUP
- Associated group:
University of California, Los Angeles
- Source of term:
naf
373 ## - ASSOCIATED GROUP
- Associated group:
Max-Planck-Institut für Plasmaphysik
- Source of term:
naf
373 ## - ASSOCIATED GROUP
- Associated group:
Stanford University
- Source of term:
naf
377 ## - ASSOCIATED LANGUAGE
400 1# - SEE FROM TRACING--PERSONAL NAME
- Personal name:
Gurnett, D. A.
- Fuller form of name:
(Donald A.)
400 1# - SEE FROM TRACING--PERSONAL NAME
- Personal name:
Gurnett, Don
670 ## - SOURCE DATA FOUND
- Source citation:
His Final report for NASA contract NAS5-26125, 1983:
- Information found:
t.p. (Donald A. Gurnett, Dept. of Physics and Astronomy, Univ. of Iowa, Iowa City, Iowa)
670 ## - SOURCE DATA FOUND
- Source citation:
Introduction to plasma physics, 2004:
- Information found:
CIP t.p. (D.A. Gurnett) data sht. (Donald A. Gurnett; b. Apr. 11, 1940) publr. data sht. (Don Gurnett; Univ. of Iowa)
670 ## - SOURCE DATA FOUND
- Source citation:
Magnetosphere-ionosphere coupling in the solar system, 2017:
- Information found:
page x (D.A. Gurnett, James A. Van Allen/Roy J. Carver Professor of Physics, Department of Physics and Astronomy, University of Iowa, Iowa City, IA)
670 ## - SOURCE DATA FOUND
- Source citation:
University of Iowa web site, April 24, 2017:
- Information found:
(Donald A. Gurnett, professor ; donald-gurnett@uiowa.edu ; education: Ph.D., University of Iowa, 1965 ; research interests: Experimental space plasma physics)
- Uniform Resource Identifier:
https://physics.uiowa.edu/people/donald-gurnett
670 ## - SOURCE DATA FOUND
- Source citation:
University of Iowa, Astronomy and Astrophysics web site, April 24, 2017:
- Information found:
(Born in Cedar Rapids, Iowa, Prof. Gurnett started his science career by working on spacecraft electronics design as a student employee in The University of Iowa Physics Department in 1959. After completing his B.S. in electrical engineering at the University of Iowa in 1962, he transferred to physics, where he received his M.S. and Ph.D. degrees in 1963 and 1965. He spent one year, from 1964 to 1965, as a NASA Trainee at Stanford University; was appointed Assistant Professor at the University of Iowa in 1965 with subsequent promotions to Associate Professor and to Professor in 1968 and 1972. Since then he spent one year on leave as an Alexander Von Humbold Senior Scientist at the Max-Planck-Institut in Garching, Germany, and one year on leave as a visiting professor at the University of California, Los Angeles.)
- Uniform Resource Identifier:
http://astro.physics.uiowa.edu/faculty/donald-gurnett.html